Religión griega. Una visión integradora

Gorde:
Xehetasun bibliografikoak
Beste egile batzuk: Bernabé, Alberto (Argitaratzailea)
Formatua: Ezezaguna
Hizkuntza:ingelesa
Argitaratua: Madrid, España. Guillermo Escolar Editor, 2020
Edizioa:1a.edición
Saila:Análisis y crítica
Gaiak:
Etiketak: Etiketa erantsi
Etiketarik gabe, Izan zaitez lehena erregistro honi etiketa jartzen!

MARC

LEADER 00000 a2200000 4500
003 CL-VaPUC
005 20211021122633.0
008 210422b ||||| |||| 00| 0 eng d
999 |c 432853  |d 432851 
020 |a 978-84-18093-05-0 
040 |c Pontificia Universidad Católica de Valparaíso 
082 |a 292.08 BER 2020 
100 |a Bernabé, Alberto  |9 860674  |e editor 
245 |a Religión griega.   |b Una visión integradora 
250 |a 1a.edición  
260 |a Madrid, España.   |b Guillermo Escolar Editor,   |c 2020 
300 |a 669 páginas 
440 |a Análisis y crítica  |9 861147 
583 |k Cristina Rojas  |c 20210422 
650 0 |a Religión griega  |9 440084 
942 |2 ddc  |c BK 
952 |0 0  |1 0  |2 ddc  |4 0  |6 292_080000000000000_BER_2020  |7 0  |8 A  |9 577958  |a BIBHIS  |b BIBHIS  |d 2021-06-01  |e 2  |g 27102.00  |i 5583853  |o 292.08 BER 2020  |p 5583853  |r 2025-01-20  |t 1  |v 27102.00  |w 2021-06-01  |y BK  |k HIS